|
|
|
|
| LEADER |
00000cam a2200000 a 4500 |
| 001 |
57875 |
| 005 |
20231212063155.0 |
| 008 |
974050|1974 ||||||||r|||||||||||spa|| |
| 040 |
|
|
|b spa
|
| 041 |
0 |
|
|a Español
|
| 082 |
0 |
|
|a 307
|
| 100 |
1 |
|
|a Batten, T. R.
|9 23367
|
| 245 |
4 |
4 |
|a Las comunidades y su desarrollo: estudio introductorio con referencia especial a la zona tropical
|c T. R. Batten
|h imp
|
| 264 |
|
|
|a Mexico
|b Fondo de Cultura Económica
|c 1974
|
| 300 |
|
|
|a 199 páginas:
|c 20 cm
|
| 650 |
|
|
|a Desarrollo comunitario
|9 9283
|
| 650 |
|
|
|a Comunidades rurales
|9 23368
|
| 650 |
|
|
|a Trabajo social comunitario
|9 23369
|
| 650 |
|
4 |
|a Sociología
|9 183
|
| 852 |
|
|
|a UC-CDJBV
|c ESTANTERIA CERRADA
|f Compra
|k zulay.encalada
|l 1
|m General
|p 19740506
|q 1.00
|r 2
|t 57875
|b 0
|d CDRC
|e CDRC
|g 307 ESTANTERIA CERRADA
|z 1974-40-50
|
| 942 |
|
|
|c BK
|
| 999 |
|
|
|c 13223
|d 13223
|